000 00779nam a2200229Ia 4500
003 GCL
008 140319s9999 xx 000 0 ara d
040 _aGCL /
_cGCL
082 0 4 _a615.9
_bش س
100 1 _aشوقية مهنى عبد الجواد
245 1 0 _aالسموم :
_bانواعها وكيفية مواجهتها /
_cشوقية مهنى عبد الجواد
250 _aالاولى
260 _aالقاهرة :
_bمركز الاهرام للترجمة والنشر ،
_c1996
300 _a138 ص ؛
_c18 سم
490 _aاعرف صحتك
_v0
650 0 4 _aالعقاقير
650 0 4 _aالسموم
650 0 4 _aالتسمم
650 0 4 _aالمواد الطبية
650 0 4 _aالسموم - الاستخدام العلاجى
942 _2ddc
_cBK
999 _c6514
_d6514